Normal view MARC view
  • Examen neurológico

Entry Materia

Number of records used in: 1

001 - NÚMERO DE CONTROL DEL REGISTRO

  • campo de control: 51052

003 - IDENTIFICADOR DE NUMERO DE CONTROL

  • campo de control: UPN

005 - FECHA Y HORA DE LA ÚLTIMA TRANSACCIÓN

  • campo de control: 20240215151717.0

008 - DATOS DE LONGITUD FIJA

  • campo de control de longitud fija: 240215|| aca||babn | a|a d

040 ## - FUENTE DE LA CATALOGACIÓN

  • Centro catalogador de origen: MX-MxUPN

150 ## - ENCABEZAMIENTO - TEMÁTICO

  • Término de materia o nombre geográfico como elemento inicial: Examen neurológico

670 ## - FUENTE EN LA QUE SE LOCALIZARON DATOS

  • Cita de la fuente: Library of Congress, 15 de febrero de 2024:
  • Información localizada: (Neurologic examination)
  • Identificador Uniforme del Recurso: https://lccn.loc.gov/sh85091131

670 ## - FUENTE EN LA QUE SE LOCALIZARON DATOS

  • Cita de la fuente: LIBRUNAM Autoridades, 15 de febrero de 2024 :
  • Información localizada: (Examen neurológico)

902 ## - CATALOGADOR

  • Catalogador: MaríaRobles/150224